[Event "ROM-ch U20"]
[Site "Voineasa"]
[Date "2010.04.12"]
[Round "7"]
[White "Dobre, Florin Iulian"]
[Black "Stuparu, Georgian"]
[Result "0-1"]
[WhiteElo "2000"]
[BlackElo "1909"]
[PlyCount "102"]
[EventDate "2010.04.08"]
[EventType "swiss"]
[EventRounds "9"]
[EventCountry "ROU"]
[SourceTitle "EXT 2020"]
[Source "ChessBase"]
[SourceDate "2019.10.17"]
[SourceVersion "1"]
[SourceVersionDate "2019.10.17"]
[SourceQuality "1"]

1. e4 c5 2. Nf3 e6 3. d4 d5 4. dxc5 Bxc5 5. exd5 Qxd5 6. Qxd5 exd5 7. Nc3 Ne7 8. Bb5+ Nbc6 9. 0-0 0-0 10. Bg5 h6 11. Bxe7 Nxe7 12. Rad1 Rd8 13. h3 a6 14. Be2 Bf5 15. Nd4 Bg6 16. Bf3 Rd7 17. Nce2 Rad8 18. c3 Nc6 19. Nxc6 bxc6 20. Nd4 Rd6 21. Rfe1 Kf8 22. Rd2 Re8 23. Rxe8+ Kxe8 24. Be2 a5 25. Nxc6 Rxc6 26. Bb5 Kd7 27. Rxd5+ Kc7 28. Bxc6 Kxc6 29. Rd8 Be7 30. Ra8 Kb5 31. Ra7 Bg5 32. g3 Bc1 33. Rb7+ Kc6 34. Rb8 Bb1 35. b4 a4 36. b5+ Kc7 37. Ra8 a3 38. c4 Bxa2 39. c5 Bd5 40. b6+ Kb7 41. Ra7+ Kb8 42. Kh2 Bb2 43. Rd7 a2 44. Rxd5 a1Q 45. c6 Bf6 46. Rd7 Qa6 47. c7+ Kc8 48. Rd6 Qb7 49. h4 Be7 50. Rd2 Qxb6 51. Rc2 Bc5 0-1

[Event "Miercurea Ciuc Banc Post op 12th"]
[Site "Miercurea Ciuc"]
[Date "2009.08.13"]
[Round "6"]
[White "Tamas, Szilard"]
[Black "Dobre, Florin Iulian"]
[Result "0-1"]
[WhiteElo "1789"]
[BlackElo "1969"]
[PlyCount "44"]
[EventDate "2009.08.09"]
[EventType "swiss"]
[EventRounds "9"]
[EventCountry "ROU"]
[SourceTitle "CBM 131 Extra"]
[Source "ChessBase"]
[SourceDate "2009.09.03"]
[SourceVersion "2"]
[SourceVersionDate "2009.09.16"]
[SourceQuality "1"]

1. e4 e5 2. Nf3 Nf6 3. d4 Nxe4 4. Bd3 d5 5. Nxe5 Nd7 6. 0-0 Bd6 7. Nc3 Nxc3 8. bxc3 0-0 9. f4 Nf6 10. c4 c5 11. c3 dxc4 12. Bxc4 Qb6 13. Ba3 cxd4 14. Rb1 Qc7 15. Bxd6 Qxd6 16. cxd4 Be6 17. Rxb7 Bxc4 18. Nxc4 Qd5 19. Rc7 Rac8 20. Ne3 Qe6 21. Rxa7 Qxe3+ 22. Kh1 Ne4 0-1

[Event "Tirgu Mures Cup III-A "]
[Site "Tirgu Mures"]
[Date "2008.02.05"]
[Round "7"]
[White "Dobre, Florin Iulian"]
[Black "Capata, Ion"]
[Result "0-1"]
[WhiteElo "1923"]
[BlackElo "2115"]
[PlyCount "88"]
[EventDate "2008.02.02"]
[EventType "swiss"]
[EventRounds "7"]
[EventCountry "ROU"]
[SourceTitle "EXT 2010"]
[Source "ChessBase"]
[SourceDate "2010.11.25"]
[SourceVersion "1"]
[SourceVersionDate "2010.11.25"]
[SourceQuality "1"]

1. e4 e5 2. Nf3 Nc6 3. Bb5 Nf6 4. d3 Bc5 5. c3 d6 6. h3 Bd7 7. Ba4 h6 8. 0-0 0-0 9. Re1 Nh7 10. d4 exd4 11. cxd4 Bb6 12. Nc3 Re8 13. Be3 Ba5 14. Bc2 Nf6 15. Bf4 b5 16. a3 Ne7 17. b4 Bb6 18. Qd3 Ng6 19. Bh2 Bc6 20. d5 Bd7 21. Nxb5 a5 22. Nc3 axb4 23. axb4 Rxa1 24. Rxa1 Ne5 25. Bxe5 dxe5 26. Nd1 Nh5 27. Qc4 Qf6 28. Ra3 Nf4 29. Nh2 Qg6 30. g4 Qf6 31. Qf1 Rb8 32. Ne3 Bd4 33. Nf5 Bb5 34. Qe1 Bb6 35. Bd1 Nd3 36. Rxd3 Bxd3 37. Be2 Bxe4 38. Bf3 Bxf5 39. gxf5 Qxf5 40. Bg4 Qf4 41. Nf3 f5 42. Bh5 e4 43. d6 Qxd6 44. Nd2 Qg3+ 0-1